Tri thức dân gian và nghi lễ truyền thống trong sản xuất nông nghiệp của người Hà Nhì Đen : Ở thôn Lao Chải (Lào Cai)

Tác phẩm khái quát về người Hà Nhì ở Lào Cai và người Hà Nhì Đen thôn Lao Chải. Hiểu được những tri thức dân gian trong canh tác nông nghiệp của người Hà Nhì Đen cũng như những nghi lễ truyền thống liên quan đến sản xuất nông nghiệp....

Ausführliche Beschreibung

Gespeichert in:
Bibliographische Detailangaben
1. Verfasser: Dương, Tuấn Nghĩa
Format: Buch
Sprache:Undetermined
Veröffentlicht: Hà Nội Văn hóa Dân tộc 2011
Schlagworte:
Tags: Tag hinzufügen
Keine Tags, Fügen Sie den ersten Tag hinzu!
Thư viện lưu trữ: Trung tâm Học liệu Trường Đại học Cần Thơ
LEADER 01129nam a2200217Ia 4500
001 CTU_172704
008 210402s9999 xx 000 0 und d
082 |a 390.09597 
082 |b Ngh301 
100 |a Dương, Tuấn Nghĩa 
245 0 |a Tri thức dân gian và nghi lễ truyền thống trong sản xuất nông nghiệp của người Hà Nhì Đen : 
245 0 |b Ở thôn Lao Chải (Lào Cai) 
245 0 |c Dương Tuấn Nghĩa 
260 |a Hà Nội 
260 |b Văn hóa Dân tộc 
260 |c 2011 
520 |a Tác phẩm khái quát về người Hà Nhì ở Lào Cai và người Hà Nhì Đen thôn Lao Chải. Hiểu được những tri thức dân gian trong canh tác nông nghiệp của người Hà Nhì Đen cũng như những nghi lễ truyền thống liên quan đến sản xuất nông nghiệp. 
650 |a Manners and customs,Phong tục tập quán 
650 |x History,Lịch sử 
904 |i Tuyền,Hải 
980 |a Trung tâm Học liệu Trường Đại học Cần Thơ